000 01591nam a2200277Ia 4500
003 OSt
005 20250711143109.0
008 191128s2009 sp a br 000 f spa d
020 _a9788426373762
040 _aCO-JMCR
_dCO-JMCR
_c.
041 _aspa
082 0 4 _aN
_bDEAa
100 1 _aDeary, Terry,
_eautor
_96717
245 1 0 _aEl arte de secuestrar /
_cTerry Deary ; ilustraciones John Kelly ; traducción Máximo Sáez Escribano
260 _aMadrid :
_bEdelvives,
_c2009
300 _a222 páginas :
_bilustraciones en blanco y negro ;
_c18 cm.
490 _aAcademia de truhanes del profesor randa
500 _aEste libro es un homenaje a los miles de pobres que sufrieron y murieron en los hospicios de la reina Victoria. Esta dedicado a la memoria de John Wells, quien reveló las espantosas escenas del hospicio de Andover en 1845.
505 _aSombras y sustos -- Winrich y waterloo -- Ruby y el rescate -- Peniques y pobres -- Canes y carcamales -- Miedo y miseria -- Pateles y planes -- Ganas y gachas -- Papel y pintura -- Caos y carreteras -- Demandas y disparos -- Brazaletes y ballenas
520 _a1837: en la ciudad inglesa de Winrich acaba de abrirse la primera academia de truhanes del mundo. En ella, los niños de la calle aprenden a no acabar en la cárcel y a sobrevivir robando a ricachones que han hecho su fortuna estafando a los humildes.
534 _pClasses in Kidnapping
650 1 4 _aAventuras en la literatura
_96718
700 _aKelly, John,
_eilustrador
_96719
700 _aSáez Escribano, Máximo
_etraductor
_96720
942 _2ddc
_cBK
999 _c4006
_d4006